Evaluación tecnológica de los sistemas de bombeo de agua para consumo humano, implementados en la zona rural y el sector rural disperso de nicaragua
La correcta planificacion asegurara que se disponga de suficientes recursos para el mantenimiento y la reparacion de una bomba, antes de escoger la tecnologia para el bombeo de agua para una comunidad en particular. A menudo las dificultades de mantenimiento de una bomba se deben mas a deficiencia...
| Main Authors: | , |
|---|---|
| Other Authors: | |
| Format: | Tesis Section = Libro |
| Language: | Undetermined Spanish |
| Published: |
Managua
UNI
2003
|
| Subjects: |
| LEADER | 01277nam a2200265Ia 4500 | ||
|---|---|---|---|
| 008 | 240830s9999 xx 000 0 und d | ||
| 040 | |a BIBLIOTECA-RUPAP Mon 628.72 L951 | ||
| 041 | |a spa | ||
| 082 | |a Mon 628.72 L951 | ||
| 100 | 1 | |a Lugo Lugo, Rolando Gaspar | |
| 100 | 1 | |b Rivera Gutiérrez, Yilmer Nicolás | |
| 245 | 1 | 0 | |a Evaluación tecnológica de los sistemas de bombeo de agua para consumo humano, implementados en la zona rural y el sector rural disperso de nicaragua |
| 260 | |a Managua |b UNI |c 2003 | ||
| 300 | |a 251 p. :il. | ||
| 500 | |a Contiene: Anexos y CD | ||
| 502 | |a Tesis (Ingeniero Industrial)- UNI, 2003. | ||
| 520 | 3 | |a La correcta planificacion asegurara que se disponga de suficientes recursos para el mantenimiento y la reparacion de una bomba, antes de escoger la tecnologia para el bombeo de agua para una comunidad en particular. A menudo las dificultades de mantenimiento de una bomba se deben mas a deficiencia institucionales o financieras que a dificultades tecnicas. | |
| 650 | 7 | |a SISTEMAS DE BOMBEO DE AGUA- PROYECTOS | |
| 650 | 7 | |b ABASTECIMIENTO DE AGUA | |
| 650 | 7 | |c AGUA- CONSUMO HUMANO | |
| 650 | 7 | |d POZOS- DISEÑO Y CONSTRUCCION | |
| 700 | 1 | |a Tutor: |b Ramírez Velásquez, Wilmer | |
| 942 | |c BK |2 ddc | ||
| 991 | |a TESIS | ||
| 999 | |c 16524 | ||